Thermal radiation heat transfer /

Guardado en:
Autor Principal: Siegel, Robert, 1927-
Otros Autores: Howell, John R.
Formato: Libro
Idioma:English
Publicado: New York : McGraw-Hill, [1971, c1972]
Materias:
Etiquetas: Agregar Etiqueta
Sin Etiquetas, Sea el primero en etiquetar este registro!
LEADER 00945nam a22002895a 4500
001 EIQ.libpla001257
008 711221t19711972nyua#####b####001#0#eng#d
005 20080528185444.0
245 1 0 |a Thermal radiation heat transfer /  |c [by] Robert Siegel [and] John R. Howell. 
260 |a New York :  |b McGraw-Hill,  |c [1971, c1972] 
300 |a xiv, 814 p. :  |b il. ;  |c 24 cm. 
504 |a Incluye referencias bibliográficas e índice. 
020 |a 0070573182 
100 1 |a Siegel, Robert,  |d 1927- 
700 1 |a Howell, John R. 
082 0 0 |a 536/.33 
650 4 |a Calor  |x Radiación. 
650 4 |a Calor  |x Absorción. 
650 4 |a Calor  |x Transferencia. 
650 4 |a Materiales  |x Propiedades térmicas. 
650 4 |a Heat  |x Radiation. 
650 4 |a Heat  |x Absorption. 
650 0 |a Heat  |x Transfer. 
650 0 |a Materials  |x Thermal properties. 
010 |a  72149718  
040 |a DLC  |c DLC  |d AR-BbSID 
859 |a AR-BbSID  |b BIB. PLAPIQUI  |h 621.402  |i Si 15  |p 806